Personaggi di fantasia - K - - Statistics

Statistiche generali
  • Questo quiz è stato fatto 1.873 volte
  • Il punteggio medio è 8 su 16
Statistiche sulle risposte
con Immagini Risposta % Corretto
Ken
97%
King Kong
78%
Kevin McCallister
75%
Kirby
69%
Kraken
69%
Kermit la Rana
68%
Krusty il Clown
63%
Katniss Everdeen
56%
Kristoff
47%
Kuzco
44%
Kylo Ren
35%
Knuckles
31%
K.I.T.T.
25%
Kelly Taylor
22%
Karen Walker
19%
Krang
6%
Nessun quiz corrispondente trovato
Distribuzione punteggi
Percentuale di utenti per punteggio
Percentile per numero di risposta
I tuoi punteggi nel tempo
Non hai fatto questo quiz